Music Quiz

Random Music or Clickable Quiz
Score 0/14 Timer 05:00
0 Plays Today
% Correct
Taylor Lautner
92.2%
John Mayer
91.1%
Joe Jonas
90.3%
Harry Styles
90.3%
Jake Gyllenhaal
85.9%
Connor Kennedy
82.9%
Cory Monteith
68.8%
% Correct
Lucas Till
63.6%
Toby Hemingway
58.7%
Adam Young
51.3%
Chord Overstreet
46.1%
Will Anderson
32.7%
Kyle McKinley
29.7%
Riley Howell
26.4%

You're not logged in!

Compare scores with friends on all Sporcle quizzes.
OR
Log In

Sporcle TV

Today on Sporcle TV


Watch our educational content, quiz creation guides, and fun videos on Sporcle TV.

Show Comments

Extras

Top Quizzes Today


Score Distribution

Paid Content

Your Account Isn't Verified!

In order to create a playlist on Sporcle, you need to verify the email address you used during registration. Go to your Sporcle Settings to finish the process.

Report this User

Report this user for behavior that violates our Community Guidelines.

Details: